| 000 | 00500nam a22001817a 4500 | ||
|---|---|---|---|
| 003 | CEME | ||
| 005 | 20210628203703.0 | ||
| 008 | 210318b xxu||||| |||| 00| 0 eng d | ||
| 020 | _a0-442-01259-4 | ||
| 040 | _c. | ||
| 082 | _a620.82 MAC'E | ||
| 100 |
_aMacleod, Dan _966843 |
||
| 245 | _aThe egronomics edge , imroving safety,quality and productivity | ||
| 260 |
_aNEWYORK _bVAN NOSTRAND _c1995 |
||
| 300 | _a278P | ||
| 650 |
_aHUMAN ENGINEERING INDUSTRIAL MANAGEMENT _966844 |
||
| 942 |
_cBK _2ddc |
||
| 999 |
_c574730 _d574730 |
||